Countries, US States, Capitals, Elements, 100 Most Common Words: Starting with F - Statistics

General Stats
  • This quiz has been taken 13,270 times
  • The average score is 10 of 15
Answer Stats
ANSWER % Correct
France
94%
Finland
89%
Fiji
86%
For
85%
Florida
82%
Fluorine
64%
From
64%
Francium
63%
Funafuti
60%
Freetown
58%
Frankfort
53%
Fermium
46%
Federated States of Micronesia
45%
Flerovium
39%
First
37%
No matching quizzes found
Score Distribution
Percent of People with Each Score
Percentile by Number Answered
Your Score History
You have not taken this quiz